01058cam a2200301 a 45000010005000000030006000050050017000110080041000280100017000690200015000860200017001010350023001180400031001410420014001720500023001860820012002091000017002212450065002382500033003032600035003363000025003715050007003965200249004035210020006525210019006726500034006916500031007252376FISKH20231121113628.0051024s2005 nyu j 000 1 eng d a 2005296469 a0760795118 a078073004997 a(OCoLC)ocm60685652 aTxWMcTxWMdTxWMdDLCbeng alccopycat00aPZ7.H1996bBi 2005 a813.54 1 aHapka, C.A. 10aBionicle chronicles #1 : cby C.A. HapkabTale of the toa /  aFirst printing, August 2003  aNew York :bScholastic,c2003  a126 pages : c20 cm  aK  a"In the time before time, a great being watched over the ancient land of Mata Nui, protecting it from harm. But now a powerful evil has arisen, casting a dark shadow over the land. Just when all seems lost, six heroes emerge from the darkness."8 a520 bLexile 8 aK bRaz-Plus  0aChildren's stories, American. 0aScience fiction, American.